000 01179nam a22003377a 4500
003 CHAP
005 20220329143538.0
008 100503s2007 mx a r 00010 spa d
010 _a98326
011 _a99298
020 _a9789704302498
035 _a109984
040 _cCHAP
090 _aFolleto 17640
245 0 0 _aGuía de riego y fertirriego para la producción de tomate en invernaderos tipo familiar
_c/por Francisco Mojarro Dávila ...[et al.]
260 _aCalera, Zac. :
_bINIFAP. Campo Experimental Zacatecas,
_c2007
300 _a29 p. :
_bcuadros, gráfs., ilus.
490 0 _aFolleto técnico
_v; 17
590 _aBATCH-UPD
_b10
_c20130110
_lUCH01
_h1634
590 _aBATCH-UPD
_b10
_c20130410
_lUCH01
_h1025
590 _aBATCH-UPD
_b10
_c20130914
_lUCH01
_h1407
590 _aCONVERSION
_b10
_c20130109
_lUCH01
_h1354
650 0 4 _aTomate
_xIrrigación.
_9113733
650 1 4 _aFertirrigación.
_940652
650 1 4 _aTomate
_xCultivos en invernadero.
_9113704
700 1 _aMojarro Dávila, Francisco.
_977303
830 0 _aFolleto técnico
_v; 17
_942067
901 _aBK
942 _cFOLL
949 _aFolleto 17640
_bBC
_cFOLL
_d33724002167868
_eTS1
_i109984
_sb
999 _c98326
_d98326